| 000 | 00959nam a2200277 a 4500 | ||
|---|---|---|---|
| 001 | 4858926 | ||
| 005 | 20250625080354.0 | ||
| 008 | 910604s1990 nyua i000 0 eng | ||
| 010 | _a 91158642 | ||
| 020 | _a9211390354 | ||
| 040 |
_aDLC _cBSULIB |
||
| 050 | 0 | 0 |
_aT55.3.H3 _bU485 1990 |
| 082 | 0 | 0 |
_a388 _220 _bTRA |
| 110 | 2 |
_aUnited Nations. _913014 |
|
| 245 | 1 | 0 | _aRecommendations on the transport of dangerous goods : |
| 250 | _a7th rev. ed. | ||
| 260 |
_aNew York : _bUnited Nations, _c1991. |
||
| 300 |
_ax, 515 p. : _bill. ; _c30 cm. |
||
| 500 | _a"ST/SG/AC.10/11/Rev.1." | ||
| 500 | _a"United Nations publication, sales no.: E.90.VIII.1"--T.p. verso. | ||
| 650 | 0 |
_aHazardous substances _xTransportation. _917216 |
|
| 658 | _aEducation. | ||
| 906 |
_a7 _bcbc _corignew _d2 _encip _f19 _gy-gencatlg |
||
| 942 |
_2ddc _cBK |
||
| 999 |
_c8070 _d8070 |
||